| 000 | 00910nam a2200241Ia 4500 | ||
|---|---|---|---|
| 003 | OSt | ||
| 005 | 20220923221227.0 | ||
| 006 | a|||||r|||| 00| 0 | ||
| 007 | ta | ||
| 008 | 220922b |||||||| |||| 00| 0 hin d | ||
| 024 | _a195,828 | ||
| 037 | _cTextual | ||
| 040 |
_aARTS _cARTS _bhin |
||
| 041 |
_2hin _ahin |
||
| 082 | _aR5, 152K0 | ||
| 100 |
_aदासगुप्त, सुरेन्द्रनाथ; दीक्षित, आनन्दप्रकाश, अनु. _9165212 |
||
| 245 | 0 | _aसौन्दर्य तत्व | |
| 246 | _aSaundarya tatva | ||
| 260 |
_aइलाहाबाद _b भारतीय भण्डार _c1960 |
||
| 300 |
_a299पृ. _ccm. |
||
| 942 |
_hR5, 152K0 _cTEXL _2CC |
||
| 999 |
_c347951 _d347951 |
||